000 00496nam a2200181Ia 4500
008 240925s9999 xx 000 0 und d
020 _aNA
082 _a954.91 JAM
100 _aJamil Ur Rehman
245 0 _aMuslim Leag ka Siyasi or Aeni Saffer
250 _aNA
260 _aKarachi:
_bMahnama Donya-E-Addab
_c,2008.
300 _axxi,318p.
_bN.A
_fOriginal
500 _aIncludes Bibliography
600 _aHumanities & Natural Science
650 _aHistory and Geography
942 _cBK
999 _c11095
_d11095